00780nam a2200217 i 4500001000300000245010100003260006900104300004300173500001900216504002600235650002900261650003200290700002400322015001800346020001500364040000800379041001300387080002300400008004100423856009800464bg00aWspółczesne problemy katastru i gospodarki nieruchomościami /cWojciech Wilkowski [et al.]. aWarszawa :bOficyna Wydawnicza Politechniki Warszawskiej,c2006. a120 s. :bil. (w tym kolor.) ;c23 cm. aStreszcz. ang. aBibliogr. s. 117-119. 9aKataster nieruchomości 9aNieruchomościxgospodarka1 aWILKOWSKI, Wojciech aPB 14749/2006 a837207609X cBPK0 apolbeng a332.6/.8:336.226.2 s pl f |000 0 pol  uhttp://koha.tu.koszalin.pl/cgi-bin/koha/opac-detail.pl?biblionumber=51975yKatalog online BPK